Truyện ngắn hình sự Mỹ

সংরক্ষণ করুন:
গ্রন্থ-পঞ্জীর বিবরন
প্রধান লেখক: John Escott
বিন্যাস: গ্রন্থ
ভাষা:Undetermined
প্রকাশিত: Đồng Nai Đồng Nai 2003
বিষয়গুলি:
ট্যাগগুলো: ট্যাগ যুক্ত করুন
কোনো ট্যাগ নেই, প্রথমজন হিসাবে ট্যাগ করুন!
Thư viện lưu trữ: Trung tâm Học liệu Trường Đại học Cần Thơ
LEADER 00587nam a2200205Ia 4500
001 CTU_58317
008 210402s9999 xx 000 0 und d
020 |b 21000 
082 |a 428.64 
082 |b E74 
100 |a John Escott 
245 0 |a Truyện ngắn hình sự Mỹ 
245 0 |c John Escott; Châu Văn Thuân biên dịch 
260 |a Đồng Nai 
260 |b Đồng Nai 
260 |c 2003 
650 |a english language,english language 
650 |x readers,for foreigners 
904 |i Minh 
980 |a Trung tâm Học liệu Trường Đại học Cần Thơ